Rotator Cuff Injuries A Clinical Casebook /

Comprised exclusively of clinical cases presenting injuries to and management of the rotator cuff, this concise, practical casebook will provide orthopedic surgeons with the best real-world strategies to properly manage the various kinds of cuff injury they may encounter. Each chapter is a case that...

Πλήρης περιγραφή

Λεπτομέρειες βιβλιογραφικής εγγραφής
Συγγραφή απο Οργανισμό/Αρχή: SpringerLink (Online service)
Άλλοι συγγραφείς: McMahon, Patrick J. (Επιμελητής έκδοσης, http://id.loc.gov/vocabulary/relators/edt)
Μορφή: Ηλεκτρονική πηγή Ηλ. βιβλίο
Γλώσσα:English
Έκδοση: Cham : Springer International Publishing : Imprint: Springer, 2018.
Έκδοση:1st ed. 2018.
Θέματα:
Διαθέσιμο Online:Full Text via HEAL-Link
LEADER 04029nam a2200445 4500
001 978-3-319-63668-9
003 DE-He213
005 20190617101740.0
007 cr nn 008mamaa
008 170930s2018 gw | s |||| 0|eng d
020 |a 9783319636689  |9 978-3-319-63668-9 
024 7 |a 10.1007/978-3-319-63668-9  |2 doi 
040 |d GrThAP 
050 4 |a RD701-811 
072 7 |a MNS  |2 bicssc 
072 7 |a MED065000  |2 bisacsh 
072 7 |a MNS  |2 thema 
082 0 4 |a 616.7  |2 23 
245 1 0 |a Rotator Cuff Injuries  |h [electronic resource] :  |b A Clinical Casebook /  |c edited by Patrick J. McMahon. 
250 |a 1st ed. 2018. 
264 1 |a Cham :  |b Springer International Publishing :  |b Imprint: Springer,  |c 2018. 
300 |a XVI, 363 p. 195 illus., 148 illus. in color.  |b online resource. 
336 |a text  |b txt  |2 rdacontent 
337 |a computer  |b c  |2 rdamedia 
338 |a online resource  |b cr  |2 rdacarrier 
347 |a text file  |b PDF  |2 rda 
505 0 |a Preface -- Arthroscopic Treatment of Rotator Cuff Tendonitis including Treatment of Acomioclavicular joint Osteoarthritis and Os Acromiale -- Arthroscopic Management of Rotator Cuff Calcific Tendonitis -- Arthroscopic repair of partial thickness articular sided rotator cuff tendon tears -- Arthroscopic repair of full thickness small-to-moderate rotator cuff tears -- Open Rotator Cuff Repair -- Arthroscopic repair of subscapularis tendon tears -- Arthroscopic Treatment of Combined Shoulder Instability and Rotator Cuff Tear -- Arthroscopic repair of severe rotator cuff tears -- Arthroscopic Debridement for Massive Rotator Cuff Tears -- Open Repair of Severe Rotator Cuff Tears -- Latissimus Dorsi Transfer for Severe Rotator Cuff Tears -- Pectoralis Major Transfer -- Hemiarthroplasty for Cuff Arthropathy -- Reverse Total Shoulder Arthroplasty for Cuff Arthropathy -- Adding a latissimus dorsi tendon transfer to reverse shoulder arthroplasty -- Adding a bone graft to reverse TSA -- Rotator Cuff Repair with Patch Tissue -- Use of PRP in Rotator Cuff repair -- Partial rotator cuff repair for massive rotator cuff repair -- Suprascapular Nerve Release with Rotator Cuff Tears -- Re-do Rotator Cuff Repair -- Nonoperative Treatment of Rotator Cuff Tears. 
520 |a Comprised exclusively of clinical cases presenting injuries to and management of the rotator cuff, this concise, practical casebook will provide orthopedic surgeons with the best real-world strategies to properly manage the various kinds of cuff injury they may encounter. Each chapter is a case that opens with a unique clinical presentation, followed by a description of the diagnosis, assessment and management techniques used to treat it, as well as the case outcome, literature review and clinical pearls and pitfalls. Cases included illustrate different management strategies for rotator cuff surgery, including arthroscopic repair for tendonitis and tears, open and mini-open repair for severe tears, latissimus dorsi and pectoralis tendon transfer, arthroscopic debridement, hemiarthroplasty and total reverse arthroplasty, biological augmentation, and revision repair after retear and infection. Pragmatic and reader-friendly, Rotator Cuff Injuries: A Clinic al Casebook is an excellent resource for orthopedic surgeons and sports medicine specialists confronted with both common and complex injuries to the rotator cuff. 
650 0 |a Orthopedics. 
650 0 |a Sports medicine. 
650 1 4 |a Orthopedics.  |0 http://scigraph.springernature.com/things/product-market-codes/H45000 
650 2 4 |a Sports Medicine.  |0 http://scigraph.springernature.com/things/product-market-codes/H58005 
700 1 |a McMahon, Patrick J.  |e editor.  |4 edt  |4 http://id.loc.gov/vocabulary/relators/edt 
710 2 |a SpringerLink (Online service) 
773 0 |t Springer eBooks 
776 0 8 |i Printed edition:  |z 9783319636665 
776 0 8 |i Printed edition:  |z 9783319636672 
856 4 0 |u https://doi.org/10.1007/978-3-319-63668-9  |z Full Text via HEAL-Link 
912 |a ZDB-2-SME 
950 |a Medicine (Springer-11650)